<?xml version="1.0" encoding="UTF-8"?>
<marc:record xmlns:marc="http://www.loc.gov/MARC21/slim">
   <marc:leader>00000nam a2200000 a 4500</marc:leader>
   <marc:datafield ind1="1" ind2=" " tag="100">
      <marc:subfield code="a">Leech, Christine</marc:subfield>
      <marc:subfield code="4">aut</marc:subfield>
      <marc:subfield code="e">Verfasser/-in</marc:subfield>
   </marc:datafield>
   <marc:datafield ind1="0" ind2="0" tag="245">
      <marc:subfield code="a">Pompomania!</marc:subfield>
   </marc:datafield>
   <marc:datafield ind1="0" ind2="0" tag="245">
      <marc:subfield code="b">kunterbunt-raffinierter Dekospaß</marc:subfield>
   </marc:datafield>
   <marc:datafield ind1="0" ind2="0" tag="245">
      <marc:subfield code="c">Fotos: Joanna Henderson ; Christine Leech ; Übersetzung der englischen Originalausgabe: Viktoria Anna Bachlechner</marc:subfield>
   </marc:datafield>
   <marc:datafield ind1=" " ind2="1" tag="264">
      <marc:subfield code="a">Stuttgart</marc:subfield>
      <marc:subfield code="b">Frechverlag GmbH</marc:subfield>
      <marc:subfield code="c">2017</marc:subfield>
   </marc:datafield>
   <marc:datafield ind1=" " ind2=" " tag="250">
      <marc:subfield code="a">1. Auflage</marc:subfield>
   </marc:datafield>
   <marc:datafield ind1="1" ind2=" " tag="520">
      <marc:subfield code="a">Angaben aus der Verlagsmeldung

Pompomania! : Kunterbunt-raffinierter Dekospaß Pompomania

Pompons liegen voll im Trend – ob sie nun einen Pullover zieren, als charmanter Charm an einer Tasche baumeln oder einen Schlüsselring bunter machen. Doch warum sollte man sich mit einem simplen Pompon zufriedengeben, wenn man stattdessen auch ein flauschiges Bärchen haben kann, eine winzige bunte Eistüte oder ein kuscheliges Herz?
Geben Sie Ihren Pompons ein Gesicht und eine Botschaft! Die zahlreichen Schritt-Bilder in diesem Buch ergänzen die ausführlichen Anleitungen, die Sie in nur einem Nachmittag eine wollige Sushi-Rolle oder einen lecker-weichen Macaron zaubern lassen. Das Material, das Sie dafür benötigen, haben Sie bereits zuhause: Außer einer Schere, Pappkarton und Wolle brauchen Sie nur noch etwas Fantasie für diese hübschen Geschenke an Ihre Lieben (oder natürlich an sich selbst). Lassen Sie sich anstecken von dieser kunterbunten Pompomania!
</marc:subfield>
   </marc:datafield>
   <marc:datafield ind1=" " ind2=" " tag="020">
      <marc:subfield code="a">9783772477447</marc:subfield>
      <marc:subfield code="9">9783772477447</marc:subfield>
   </marc:datafield>
   <marc:datafield ind1=" " ind2=" " tag="020">
      <marc:subfield code="a">3772477445</marc:subfield>
      <marc:subfield code="9">3772477445</marc:subfield>
   </marc:datafield>
   <marc:datafield ind1=" " ind2=" " tag="041">
      <marc:subfield code="a">ger</marc:subfield>
   </marc:datafield>
   <marc:datafield ind1=" " ind2=" " tag="300">
      <marc:subfield code="a">95 Seiten</marc:subfield>
   </marc:datafield>
</marc:record>
